[Event "ChFRA - National"]
[Site "Aix-les-Bains"]
[Date "2007.08.13"]
[Round "1"]
[White "Fressinet, Laurent"]
[Black "Guidarelli, Laurent"]
[Result "1-0"]
[WhiteElo "2646"]
[BlackElo "2450"]
[PlyCount "59"]
[EventDate "2007.08.??"]
[EventType "tourn"]
[EventRounds "11"]
[EventCountry "FRA"]

1. d4 Nf6 2. Nf3 c5 3. d5 g6 4. Nc3 Bg7 5. e4 O-O 6. e5 Ng4 7. Ng5 Nh6 8. h4 f6
9. Nge4 Nf7 10. h5 f5 11. Ng5 Nxg5 12. Bxg5 Qe8 13. f4 h6 14. hxg6 Qxg6 15. Bh4
d6 16. e6 Bf6 17. Qf3 Na6 18. Bxf6 Qxf6 19. Qh5 b6 20. O-O-O Nc7 21. Rd3 Ba6
22. Rg3+ Kh7 23. Bxa6 Nxa6 24. Rg5 Rg8 25. Rxf5 Qg6 26. Ne4 Qxh5 27. Rfxh5 Rxg2
28. Rxh6+ Kg7 29. Rh7+ Kg6 30. Rf7 1-0

[Event "ChFRA - National"]
[Site "Aix-les-Bains"]
[Date "2007.08.13"]
[Round "1"]
[White "Degraeve, Jean Marc"]
[Black "Vaisser, Anatoli"]
[Result "0-1"]
[WhiteElo "2520"]
[BlackElo "2544"]
[PlyCount "82"]
[EventDate "2007.08.??"]
[EventType "tourn"]
[EventRounds "11"]
[EventCountry "FRA"]

1. e4 e6 2. d4 d5 3. e5 c5 4. c3 Qb6 5. Nf3 Bd7 6. Bd3 Bb5 7. dxc5 Bxc5 8. b4
Bxd3 9. Qxd3 Bf8 10. O-O Ne7 11. Na3 Nbc6 12. Be3 Qd8 13. Bc5 Ng6 14. Bxf8 Kxf8
15. Rfe1 h5 16. Nc2 Rc8 17. Ncd4 Nxd4 18. cxd4 Ne7 19. Rac1 g6 20. Qd2 Kg7 21.
h3 Rc4 22. b5 Nf5 23. g3 Qe7 24. Rxc4 dxc4 25. d5 exd5 26. Qxd5 Rc8 27. g4 hxg4
28. hxg4 Nh4 29. Nxh4 Qxh4 30. Qd4 Qd8 31. Qxa7 Qd5 32. Qb6 Rh8 33. f3 Qxf3 34.
Qf6+ Qxf6 35. exf6+ Kxf6 36. Rc1 Rc8 37. Kf2 Kg5 38. Kf3 c3 39. a4 b6 40. a5
bxa5 41. b6 c2 0-1

[Event "ChFRA - National"]
[Site "Aix-les-Bains"]
[Date "2007.08.13"]
[Round "1"]
[White "Nataf, Igor Alexandre"]
[Black "Tkachiev, Vladislav"]
[Result "1/2-1/2"]
[WhiteElo "2588"]
[BlackElo "2655"]
[PlyCount "60"]
[EventDate "2007.08.??"]
[EventType "tourn"]
[EventRounds "11"]
[EventCountry "FRA"]

1. e4 e5 2. Nf3 Nc6 3. d4 exd4 4. Nxd4 Bc5 5. Nxc6 Qf6 6. Qf3 bxc6 7. Nd2 Qe7
8. Bd3 Nf6 9. O-O O-O 10. Nb3 Bb6 11. a4 a5 12. Be3 d6 13. Rfe1 Re8 14. h3 h6
15. Bd4 Bxd4 16. Nxd4 Bd7 17. e5 dxe5 18. Nxc6 Bxc6 19. Qxc6 e4 20. Re3 Qb4 21.
Rae1 exd3 22. Rxe8+ Rxe8 23. Rxe8+ Nxe8 24. Qxe8+ Kh7 25. cxd3 Qxb2 26. Qxf7
Qa1+ 27. Kh2 Qxa4 28. Qf5+ Kh8 29. Qc8+ Kh7 30. Qf5+ Kh8 1/2-1/2

[Event "ChFRA - National"]
[Site "Aix-les-Bains"]
[Date "2007.08.13"]
[Round "1"]
[White "Fontaine, Robert"]
[Black "Sokolov, Andrei"]
[Result "0-1"]
[WhiteElo "2567"]
[BlackElo "2582"]
[PlyCount "66"]
[EventDate "2007.08.??"]
[EventType "tourn"]
[EventRounds "11"]
[EventCountry "FRA"]

1. d4 Nf6 2. c4 e6 3. Nf3 Bb4+ 4. Bd2 Qe7 5. Nc3 O-O 6. Rc1 d6 7. a3 Bxc3 8.
Bxc3 Ne4 9. g3 Nd7 10. Bg2 Ndf6 11. O-O Bd7 12. d5 Nxc3 13. Rxc3 e5 14. b4 a5
15. Nd2 axb4 16. axb4 Ra2 17. Qc1 Rfa8 18. c5 e4 19. c6 bxc6 20. dxc6 Bg4 21.
e3 d5 22. Rc5 h5 23. Nb3 Be2 24. Re1 Ng4 25. Rxd5 Qf6 26. Rd2 Qxf2+ 27. Kh1 Bf3
28. Bxf3 exf3 29. Red1 Qxh2+ 30. Rxh2 Rxh2+ 31. Kg1 Rg2+ 32. Kf1 Nh2+ 33. Ke1
Re2# 0-1

[Event "ChFRA - National"]
[Site "Aix-les-Bains"]
[Date "2007.08.13"]
[Round "2"]
[White "Vaisser, Anatoli"]
[Black "Fressinet, Laurent"]
[Result "1/2-1/2"]
[WhiteElo "2544"]
[BlackElo "2646"]
[PlyCount "81"]
[EventDate "2007.08.??"]
[EventType "tourn"]
[EventRounds "11"]
[EventCountry "FRA"]

1. d4 d5 2. c4 c6 3. cxd5 cxd5 4. Nc3 Nf6 5. Bf4 Nc6 6. e3 Bf5 7. Qb3 Na5 8.
Bb5+ Bd7 9. Qa4 e6 10. Bg5 Nc4 11. Bxf6 gxf6 12. b3 Nd6 13. Bxd7+ Qxd7 14.
Qxd7+ Kxd7 15. Nge2 Rc8 16. Kd2 Be7 17. Rhc1 Rc6 18. Kd3 f5 19. f3 h5 20. Na4
Rxc1 21. Rxc1 b6 22. Nac3 h4 23. Nf4 Ne8 24. Nb5 a6 25. Nc3 Bd6 26. Na4 Bc7 27.
Ke2 Nf6 28. Nd3 Rb8 29. Nb4 Ra8 30. h3 Ng8 31. Nc6 f6 32. Nb4 Ne7 33. Nd3 Rg8
34. Kf2 Nc6 35. f4 Ne7 36. Nb4 Ra8 37. Rg1 a5 38. Nd3 Nc8 39. g4 hxg3+ 40. Rxg3
Nd6 41. Nc3 1/2-1/2

[Event "ChFRA - National"]
[Site "Aix-les-Bains"]
[Date "2007.08.13"]
[Round "2"]
[White "Sokolov, Andrei"]
[Black "Dorfman, Josif D"]
[Result "1/2-1/2"]
[WhiteElo "2582"]
[BlackElo "2584"]
[PlyCount "22"]
[EventDate "2007.08.??"]
[EventType "tourn"]
[EventRounds "11"]
[EventCountry "FRA"]

1. e4 e5 2. Nf3 Nc6 3. Bb5 Nf6 4. Qe2 Bc5 5. d3 Nd4 6. Nxd4 Bxd4 7. c3 Bb6 8.
Bg5 c6 9. Bc4 h6 10. Bh4 d6 11. Qd1 Ng8 1/2-1/2

[Event "ChFRA - National"]
[Site "Aix-les-Bains"]
[Date "2007.08.13"]
[Round "2"]
[White "Nataf, Igor Alexandre"]
[Black "Fontaine, Robert"]
[Result "0-1"]
[WhiteElo "2588"]
[BlackElo "2567"]
[PlyCount "64"]
[EventDate "2007.08.??"]
[EventType "tourn"]
[EventRounds "11"]
[EventCountry "FRA"]

1. e4 c6 2. d4 d5 3. Nd2 dxe4 4. Nxe4 Nd7 5. Bc4 Ndf6 6. Ng5 e6 7. Qe2 h6 8.
N5f3 Ne7 9. Bd3 c5 10. dxc5 Nc6 11. Ne5 Nd4 12. Qd2 Qd5 13. Ngf3 Bxc5 14. b4
Nxf3+ 15. Nxf3 Ne4 16. Bb5+ Kf8 17. Qxd5 Bxf2+ 18. Ke2 exd5 19. Bb2 Bb6 20.
Rhf1 Bg4 21. Rad1 Rc8 22. Ba4 Bd7 23. Bb3 Bb5+ 24. Ke1 Re8 25. Ne5 Nf6 26. Rf5
Bd7 27. Rf4 d4 28. Re4 Bg4 29. Bxf7 Nxe4 30. Bxe8 Bxd1 31. Bg6 Bxc2 32. b5 Ke7
0-1

[Event "ChFRA - National"]
[Site "Aix-les-Bains"]
[Date "2007.08.15"]
[Round "3"]
[White "Fontaine, Robert"]
[Black "Tkachiev, Vladislav"]
[Result "1/2-1/2"]
[WhiteElo "2567"]
[BlackElo "2655"]
[PlyCount "23"]
[EventDate "2007.08.??"]
[EventType "tourn"]
[EventRounds "11"]
[EventCountry "FRA"]

1. e4 e5 2. Nf3 Nc6 3. Bb5 a6 4. Ba4 Nf6 5. Nc3 Be7 6. d3 b5 7. Bb3 d6 8. a4 b4
9. Nd5 Na5 10. Nxf6+ Bxf6 11. Ba2 Rb8 12. Bd2 1/2-1/2

[Event "ChFRA - National"]
[Site "Aix-les-Bains"]
[Date "2007.08.15"]
[Round "3"]
[White "Degraeve, Jean Marc"]
[Black "Bauer, Christian"]
[Result "1/2-1/2"]
[WhiteElo "2520"]
[BlackElo "2626"]
[PlyCount "87"]
[EventDate "2007.08.??"]
[EventType "tourn"]
[EventRounds "11"]
[EventCountry "FRA"]

1. e4 c5 2. Nf3 e6 3. c3 Nf6 4. e5 Nd5 5. g3 Nc6 6. Bg2 d6 7. exd6 Bxd6 8. O-O
O-O 9. d4 cxd4 10. Nxd4 Nxd4 11. Qxd4 Qc7 12. Nd2 Bd7 13. Ne4 Be5 14. Qd3 Rac8
15. Re1 Bc6 16. Ng5 g6 17. Nf3 Bg7 18. Nd4 Qb6 19. Nxc6 bxc6 20. Re2 Rfd8 21.
Qc2 Rd7 22. Bd2 Rb8 23. Be1 Rdb7 24. b3 Qc5 25. Rd1 a5 26. Rd3 h5 27. Qd1 Bf6
28. Re4 Rf8 29. Qf3 Bg7 30. Bd2 Qb6 31. Ra4 Ra7 32. c4 Ne7 33. Qe3 c5 34. Qe1
Nf5 35. Rxa5 Nd4 36. Rxa7 Qxa7 37. Qb1 Rb8 38. Be3 Kh7 39. Rd2 Qa5 40. Qd1 f5
41. h3 Qc3 42. Rd3 Qb2 43. Rd2 Qc3 44. Rd3 1/2-1/2

[Event "ChFRA - National"]
[Site "Aix-les-Bains"]
[Date "2007.08.15"]
[Round "3"]
[White "Dorfman, Josif D"]
[Black "Nataf, Igor Alexandre"]
[Result "1/2-1/2"]
[WhiteElo "2584"]
[BlackElo "2588"]
[PlyCount "31"]
[EventDate "2007.08.??"]
[EventType "tourn"]
[EventRounds "11"]
[EventCountry "FRA"]

1. d4 Nf6 2. c4 g6 3. Nc3 Bg7 4. e4 d6 5. Be2 O-O 6. Bg5 c5 7. d5 a6 8. a4 h6
9. Be3 e6 10. Nf3 exd5 11. exd5 Bf5 12. O-O Ne4 13. Nxe4 Bxe4 14. Ra3 a5 15.
Bd3 Bxd3 16. Rxd3 1/2-1/2

[Event "ChFRA - National"]
[Site "Aix-les-Bains"]
[Date "2007.08.15"]
[Round "3"]
[White "Guidarelli, Laurent"]
[Black "Vaisser, Anatoli"]
[Result "1/2-1/2"]
[WhiteElo "2450"]
[BlackElo "2544"]
[PlyCount "44"]
[EventDate "2007.08.??"]
[EventType "tourn"]
[EventRounds "11"]
[EventCountry "FRA"]

1. e4 e6 2. d4 d5 3. Nc3 dxe4 4. Nxe4 Nd7 5. Nf3 Ngf6 6. Nxf6+ Nxf6 7. c3 c5 8.
Ne5 a6 9. Be3 Qc7 10. Qa4+ Nd7 11. O-O-O cxd4 12. Nxd7 Bxd7 13. Qxd4 Bc6 14.
Bf4 Qa5 15. Bc4 Qc5 16. f3 Qxd4 17. Rxd4 Bc5 18. Rd3 Rc8 19. Rhd1 Be7 20. Bb3
Rd8 21. Rxd8+ Bxd8 22. Bc2 Be7 1/2-1/2

[Event "ChFRA - National"]
[Site "Aix-les-Bains"]
[Date "2007.08.15"]
[Round "3"]
[White "Renet, Olivier"]
[Black "Sokolov, Andrei"]
[Result "0-1"]
[WhiteElo "2498"]
[BlackElo "2582"]
[PlyCount "94"]
[EventDate "2007.08.??"]
[EventType "tourn"]
[EventRounds "11"]
[EventCountry "FRA"]

1. d4 Nf6 2. c4 e6 3. Nf3 b6 4. Nc3 Bb4 5. Bg5 h6 6. Bh4 Bb7 7. e3 Bxc3+ 8.
bxc3 d6 9. Nd2 Nbd7 10. f3 O-O 11. Bd3 e5 12. O-O Qe8 13. e4 Nh5 14. Re1 Nf4
15. Bc2 Qe6 16. Bg3 g5 17. Nf1 Qxc4 18. Ne3 Qxc3 19. Nf5 exd4 20. Bxf4 gxf4 21.
Rc1 Ne5 22. Bb3 Qb4 23. Rxc7 Ba6 24. Qb1 Kh8 25. Bd5 Qxb1 26. Rxb1 Rfc8 27.
Rxc8+ Rxc8 28. Nxd4 Kg7 29. Nf5+ Kf8 30. Nxd6 Rd8 31. Nb5 Bxb5 32. Rxb5 Rc8 33.
Rb1 Rc2 34. Rd1 Ke7 35. Kf1 h5 36. Bb3 Rb2 37. Rc1 a5 38. Rc2 Rxc2 39. Bxc2 h4
40. Kf2 b5 41. g3 fxg3+ 42. hxg3 h3 43. f4 Ng4+ 44. Kg1 Ne3 45. Bb1 b4 46. Kh2
Nf1+ 47. Kxh3 Nd2 0-1

[Event "ChFRA - National"]
[Site "Aix-les-Bains"]
[Date "2007.08.16"]
[Round "4"]
[White "Sokolov, Andrei"]
[Black "Degraeve, Jean Marc"]
[Result "1/2-1/2"]
[WhiteElo "2582"]
[BlackElo "2520"]
[PlyCount "29"]
[EventDate "2007.08.??"]
[EventType "tourn"]
[EventRounds "11"]
[EventCountry "FRA"]

1. e4 e5 2. Nf3 Nf6 3. Nxe5 d6 4. Nc4 Nxe4 5. Nc3 Nxc3 6. dxc3 Be7 7. Bf4 Bg5
8. Qd2 Bxf4 9. Qxf4 O-O 10. O-O-O Nd7 11. Ne3 Qf6 12. Qg3 Nc5 13. Rd4 Re8 14.
Rf4 Qg6 15. Qxg6 1/2-1/2

[Event "ChFRA - National"]
[Site "Aix-les-Bains"]
[Date "2007.08.16"]
[Round "4"]
[White "Nataf, Igor Alexandre"]
[Black "Renet, Olivier"]
[Result "1/2-1/2"]
[WhiteElo "2588"]
[BlackElo "2498"]
[PlyCount "48"]
[EventDate "2007.08.??"]
[EventType "tourn"]
[EventRounds "11"]
[EventCountry "FRA"]

1. e4 c5 2. Nf3 d6 3. d4 cxd4 4. Nxd4 Nf6 5. Nc3 a6 6. Bg5 e6 7. f4 Nbd7 8. Qf3
Qc7 9. Bxf6 Nxf6 10. g4 d5 11. exd5 Bb4 12. dxe6 fxe6 13. O-O-O Bxc3 14. Qxc3
Qxc3 15. bxc3 Nxg4 16. Rg1 Ne3 17. Re1 Nxf1 18. Rxg7 Nxh2 19. Nxe6 Bxe6 20.
Rxe6+ Kf8 21. Ree7 h5 22. Rxb7 Ng4 23. Rbf7+ Ke8 24. Re7+ Kf8 1/2-1/2

[Event "ChFRA - National"]
[Site "Aix-les-Bains"]
[Date "2007.08.16"]
[Round "4"]
[White "Tkachiev, Vladislav"]
[Black "Vaisser, Anatoli"]
[Result "1-0"]
[WhiteElo "2655"]
[BlackElo "2544"]
[PlyCount "111"]
[EventDate "2007.08.??"]
[EventType "tourn"]
[EventRounds "11"]
[EventCountry "FRA"]

1. Nf3 d5 2. d4 c6 3. c4 e6 4. Qc2 Nf6 5. e3 Nbd7 6. Nc3 Be7 7. Bd3 c5 8. O-O
cxd4 9. exd4 dxc4 10. Bxc4 O-O 11. Rd1 Nb6 12. Bb3 Bd7 13. Ne5 Bc6 14. Rd3 Rc8
15. Qe2 Nbd5 16. Rg3 Nxc3 17. bxc3 Be4 18. Bh6 Bg6 19. Nxg6 hxg6 20. Bd2 Qd6
21. Re1 Rfe8 22. Rf3 a6 23. h3 b5 24. g4 Bd8 25. g5 Nd5 26. h4 Bc7 27. Rh3 Nf4
28. Bxf4 Qxf4 29. Qd3 Ba5 30. Re4 Qc1+ 31. Qf1 Qxf1+ 32. Kxf1 Rxc3 33. Rxc3
Bxc3 34. d5 e5 35. d6 Kf8 36. Re3 Bd4 37. Rf3 f6 38. gxf6 Rd8 39. fxg7+ Kxg7
40. Rf7+ Kh6 41. d7 g5 42. hxg5+ Kxg5 43. Bd5 Kg6 44. Ke2 Bb6 45. Kd3 Rh8 46.
Re7 Bc7 47. Re6+ Kg7 48. Rc6 Bd8 49. Ke4 a5 50. Kxe5 Kf8 51. Re6 Kg7 52. Re8
Bc7+ 53. Ke6 Rf8 54. f3 Rf6+ 55. Ke7 Bd6+ 56. Kd8 1-0

[Event "ChFRA - National"]
[Site "Aix-les-Bains"]
[Date "2007.08.16"]
[Round "4"]
[White "Bauer, Christian"]
[Black "Fressinet, Laurent"]
[Result "1-0"]
[WhiteElo "2626"]
[BlackElo "2646"]
[PlyCount "117"]
[EventDate "2007.08.??"]
[EventType "tourn"]
[EventRounds "11"]
[EventCountry "FRA"]

1. e4 e5 2. Bc4 Nf6 3. d3 Nc6 4. Nf3 Bc5 5. c3 a6 6. Bb3 d6 7. Nbd2 O-O 8. h3
Be6 9. Nf1 d5 10. Qe2 dxe4 11. dxe4 Bxb3 12. axb3 Qd6 13. Ng3 Rad8 14. b4 Bb6
15. Nd2 Ba7 16. Nc4 Qe6 17. O-O Rd7 18. Bg5 h6 19. Bxf6 Qxf6 20. Qg4 Rfd8 21.
Kh2 Qg5 22. Nf5 g6 23. Qxg5 hxg5 24. Nh6+ Kg7 25. Ng4 f6 26. g3 Rd3 27. Kg2
R8d7 28. Rh1 Kf7 29. h4 gxh4 30. Rxh4 Ke6 31. Rh6 Rg7 32. Kf1 f5 33. exf5+ Kxf5
34. Ke2 e4 35. Rh4 Rgd7 36. Nge3+ Bxe3 37. Nxe3+ Ke5 38. Nc4+ Kd5 39. Ne3+ Ke5
40. Nc4+ Kd5 41. Nd2 g5 42. Rh5 Rg7 43. Rah1 Ke5 44. R1h4 Rd5 45. Nxe4 Kf5 46.
f3 Kg6 47. Rh6+ Kf7 48. R4h5 Re5 49. Ke3 Ne7 50. g4 b6 51. c4 Rg6 52. Kd4 Nc6+
53. Kc3 Ne7 54. b3 b5 55. Rh7+ Ke8 56. R5h6 Rxh6 57. Rxh6 bxc4 58. bxc4 Nc8 59.
Kd4 1-0

[Event "ChFRA - National"]
[Site "Aix-les-Bains"]
[Date "2007.08.16"]
[Round "4"]
[White "Fontaine, Robert"]
[Black "Dorfman, Josif D"]
[Result "1/2-1/2"]
[WhiteElo "2567"]
[BlackElo "2584"]
[PlyCount "20"]
[EventDate "2007.08.??"]
[EventType "tourn"]
[EventRounds "11"]
[EventCountry "FRA"]

1. d4 Nf6 2. c4 g6 3. Nf3 Bg7 4. g3 O-O 5. Bg2 c6 6. O-O d5 7. cxd5 cxd5 8. Nc3
Ne4 9. Bd2 Nc6 10. e3 Nxd2 1/2-1/2

[Event "ChFRA - National"]
[Site "Aix-les-Bains"]
[Date "2007.08.17"]
[Round "5"]
[White "Renet, Olivier"]
[Black "Fontaine, Robert"]
[Result "0-1"]
[WhiteElo "2498"]
[BlackElo "2587"]
[PlyCount "62"]
[EventDate "2007.08.??"]
[EventType "tourn"]
[EventRounds "11"]
[EventCountry "FRA"]

1. d4 Nf6 2. c4 g6 3. Nc3 Bg7 4. e4 d6 5. Bd3 O-O 6. Nge2 c5 7. d5 a6 8. a4 e6
9. O-O exd5 10. cxd5 Re8 11. h3 Nbd7 12. Ng3 h5 13. Re1 Nh7 14. f4 Qh4 15. Qf3
g5 16. Rf1 Bd4+ 17. Kh1 Ndf6 18. Nge2 g4 19. Qg3 Qxg3 20. Nxg3 gxh3 21. e5 dxe5
22. fxe5 Bxe5 23. Nf5 hxg2+ 24. Kxg2 Ng4 25. Nh6+ Nxh6 26. Bxh6 Nf6 27. Rae1
Ng4 28. Bg5 Bd7 29. a5 Rac8 30. Bc4 Kg7 31. Be7 Rxe7 0-1

[Event "ChFRA - National"]
[Site "Aix-les-Bains"]
[Date "2007.08.17"]
[Round "5"]
[White "Dorfman, Josif D"]
[Black "Tkachiev, Vladislav"]
[Result "1/2-1/2"]
[WhiteElo "2584"]
[BlackElo "2655"]
[PlyCount "70"]
[EventDate "2007.08.??"]
[EventType "tourn"]
[EventRounds "11"]
[EventCountry "FRA"]

1. e4 e5 2. Nf3 Nc6 3. Bb5 a6 4. Ba4 Nf6 5. O-O Be7 6. Re1 b5 7. Bb3 O-O 8. d4
Nxd4 9. Nxd4 exd4 10. e5 Ne8 11. Qxd4 Bb7 12. c4 bxc4 13. Qxc4 d5 14. exd6 Nxd6
15. Qg4 Nb5 16. Nc3 Nxc3 17. bxc3 Bd6 18. Bf4 Qf6 19. Bxd6 cxd6 20. Qd7 Rab8
21. Re3 Bc8 22. Qa4 Rb5 23. Rae1 g6 24. h3 Kg7 25. Rf3 Rf5 26. Rxf5 Qxf5 27.
Re3 Qc5 28. Rd3 Qe5 29. Re3 Qc5 30. Rd3 Qe5 31. Qd4 Qxd4 32. Rxd4 Rd8 33. Rb4
Rd7 34. Rb6 Kf8 35. Bc4 Rc7 1/2-1/2

[Event "ChFRA - National"]
[Site "Aix-les-Bains"]
[Date "2007.08.17"]
[Round "5"]
[White "Degraeve, Jean Marc"]
[Black "Nataf, Igor Alexandre"]
[Result "1/2-1/2"]
[WhiteElo "2520"]
[BlackElo "2588"]
[PlyCount "51"]
[EventDate "2007.08.??"]
[EventType "tourn"]
[EventRounds "11"]
[EventCountry "FRA"]

1. e4 c5 2. Nf3 Nc6 3. Bb5 e6 4. Bxc6 bxc6 5. d3 Ne7 6. Qe2 d5 7. c4 Ng6 8. O-O
Bd6 9. Nc3 O-O 10. Re1 d4 11. e5 Nxe5 12. Nxe5 dxc3 13. bxc3 Bxe5 14. Qxe5 Qxd3
15. Qxc5 Ba6 16. Be3 Qxc4 17. Red1 Rfd8 18. Rxd8+ Rxd8 19. h3 Qxc5 20. Bxc5 Bc4
21. Bxa7 Ra8 22. Rb1 Bxa2 23. Rb8+ Rxb8 24. Bxb8 f6 25. f4 Kf7 26. Bd6 1/2-1/2

[Event "ChFRA - National"]
[Site "Aix-les-Bains"]
[Date "2007.08.17"]
[Round "5"]
[White "Fressinet, Laurent"]
[Black "Sokolov, Andrei"]
[Result "1/2-1/2"]
[WhiteElo "2646"]
[BlackElo "2582"]
[PlyCount "47"]
[EventDate "2007.08.??"]
[EventType "tourn"]
[EventRounds "11"]
[EventCountry "FRA"]

1. d4 Nf6 2. c4 e6 3. Nf3 Bb4+ 4. Nbd2 O-O 5. a3 Bxd2+ 6. Qxd2 a5 7. Qc2 d6 8.
Bg5 Qe7 9. e3 e5 10. Be2 Re8 11. dxe5 dxe5 12. Nd2 Qe6 13. O-O Nfd7 14. Bh4 Nf8
15. f3 Nc6 16. Bf2 Qh6 17. Nb1 Qg5 18. Kh1 Bf5 19. Qc1 a4 20. Nc3 Na5 21. e4
Qxc1 22. Raxc1 Bd7 23. Rcd1 Bc6 24. Nd5 1/2-1/2

[Event "ChFRA - National"]
[Site "Aix-les-Bains"]
[Date "2007.08.18"]
[Round "6"]
[White "Bauer, Christian"]
[Black "Vaisser, Anatoli"]
[Result "1/2-1/2"]
[WhiteElo "2626"]
[BlackElo "2544"]
[PlyCount "121"]
[EventDate "2007.08.??"]
[EventType "tourn"]
[EventRounds "11"]
[EventCountry "FRA"]

1. Nc3 d5 2. e4 dxe4 3. Nxe4 Nd7 4. Bc4 e6 5. Qe2 Ngf6 6. Ng5 Nb6 7. Bb3 h6 8.
N5f3 a5 9. a4 Bd6 10. d4 c5 11. dxc5 Bxc5 12. Ne5 O-O 13. Ngf3 Nbd5 14. O-O b6
15. Bc4 Bb7 16. Bd2 Qc7 17. c3 Nh5 18. g3 Rfe8 19. Nd4 Nhf6 20. Bb5 Bxd4 21.
cxd4 Rec8 22. Rfe1 Qd6 23. Bc4 Rc7 24. b3 Rd8 25. f3 Re8 26. Qf2 Rd8 27. h4 Re7
28. g4 Nd7 29. Nd3 Nf8 30. h5 Nh7 31. Qh2 Qxh2+ 32. Kxh2 Ng5 33. Kg3 Nf6 34.
Ne5 Nd7 35. Be3 Nxe5 36. dxe5 Nxf3 37. Bxb6 Ra8 38. Re3 Nd2 39. Bb5 Bd5 40. Rd1
Rb7 41. Rxd2 Rxb6 42. Rc3 Rbb8 43. Rdc2 Rf8 44. Kf4 f5 45. exf6 Rxf6+ 46. Ke5
Raf8 47. Bd3 Bf3 48. Rc7 Bxg4 49. Rg2 Rf4 50. Ra7 Kh8 51. Rg3 Rb4 52. Bc4 Rf5+
53. Kd6 Rg5 54. Ra8+ Kh7 55. Rxg4 Rxg4 56. Bd3+ g6 57. hxg6+ Kg7 58. Ra7+ Kg8
59. Ra8+ Kg7 60. Ra7+ Kg8 61. Ra8+ 1/2-1/2

[Event "ChFRA - National"]
[Site "Aix-les-Bains"]
[Date "2007.08.18"]
[Round "6"]
[White "Nataf, Igor Alexandre"]
[Black "Fressinet, Laurent"]
[Result "1/2-1/2"]
[WhiteElo "2588"]
[BlackElo "2646"]
[PlyCount "151"]
[EventDate "2007.08.??"]
[EventType "tourn"]
[EventRounds "11"]
[EventCountry "FRA"]

1. e4 e5 2. Nf3 Nc6 3. d4 exd4 4. Nxd4 Bb4+ 5. c3 Bc5 6. Be3 Bb6 7. Qg4 Qf6 8.
Qg3 Qg6 9. Nb5 Qxg3 10. hxg3 Kd8 11. Bxb6 axb6 12. f3 d6 13. g4 Be6 14. c4 Nb4
15. N1a3 Ne7 16. Kd2 Kd7 17. Kc3 Nec6 18. Be2 f6 19. Nc2 Nxc2 20. Kxc2 h6 21.
Kc3 Bf7 22. a3 Rhe8 23. Rad1 Re5 24. Rd2 Rd8 25. b3 Rh8 26. Bd1 Re7 27. Bc2 Kc8
28. Kb2 Ree8 29. Rdd1 Kd7 30. Kc3 Kc8 31. Rh2 Kd7 32. Kb2 Ra8 33. Rhh1 Rae8 34.
Nc3 Ne5 35. Ne2 h5 36. gxh5 Bxh5 37. Rh3 Bf7 38. Rdh1 Rxh3 39. Rxh3 g5 40. Rh6
Bg6 41. g3 Rg8 42. f4 Ng4 43. Rh1 Nf2 44. Rf1 Ng4 45. f5 Bh5 46. Rh1 Rh8 47.
Nc3 Nf2 48. Rh2 Ng4 49. Rh1 Nf2 50. Rf1 Ng4 51. Bd1 Nh2 52. Rh1 Bxd1 53. Nxd1
Rh6 54. Ne3 c6 55. Kc3 Ng4 56. Rxh6 Nxh6 57. Kb4 Kc7 58. a4 Kb8 59. Kc3 Kc7 60.
b4 Kd7 61. b5 Nf7 62. bxc6+ bxc6 63. Ng4 Ke7 64. Kb4 Nd8 65. a5 bxa5+ 66. Kxa5
Nb7+ 67. Kb4 Nc5 68. Nf2 Kd7 69. Kc3 Ke7 70. Kd4 Nb3+ 71. Ke3 Na5 72. Kd3 Nb3
73. Kc3 Nc5 74. Kd4 Nb3+ 75. Kc3 Nc5 76. Kd4 1/2-1/2

[Event "ChFRA - National"]
[Site "Aix-les-Bains"]
[Date "2007.08.18"]
[Round "6"]
[White "Sokolov, Andrei"]
[Black "Guidarelli, Laurent"]
[Result "1-0"]
[WhiteElo "2582"]
[BlackElo "2450"]
[PlyCount "153"]
[EventDate "2007.08.??"]
[EventType "tourn"]
[EventRounds "11"]
[EventCountry "FRA"]

1. e4 c5 2. Nf3 d6 3. d4 cxd4 4. Nxd4 Nf6 5. Nc3 a6 6. Bc4 e6 7. O-O b5 8. Bb3
Be7 9. Qf3 Qc7 10. Re1 Nc6 11. Nxc6 Qxc6 12. Bg5 Ra7 13. Qg3 O-O 14. Bh6 Ne8
15. Rad1 Rd7 16. Ne2 Kh8 17. Nd4 Qa8 18. Bg5 Bxg5 19. Qxg5 Bb7 20. f3 Nf6 21.
c3 Qa7 22. Qe3 Qc5 23. a3 Rfd8 24. Nc2 Kg8 25. Rd2 Qxe3+ 26. Nxe3 Kf8 27. Red1
Ke7 28. c4 Rc7 29. cxb5 axb5 30. Bc2 d5 31. Bb3 Rcd7 32. exd5 Nxd5 33. Bxd5
Bxd5 34. Nxd5+ Rxd5 35. Rxd5 exd5 36. Kf2 Rc8 37. Ke3 Kd6 38. Kd2 b4 39. Rc1
Ra8 40. Ra1 bxa3 41. bxa3 Ra4 42. Kc3 Kc5 43. Kb3 Rd4 44. a4 Rb4+ 45. Kc3 d4+
46. Kc2 Kc4 47. a5 d3+ 48. Kd1 Rb7 49. h4 Ra7 50. Kd2 Kb5 51. Rb1+ Kxa5 52.
Kxd3 Ka6 53. h5 h6 54. Rb8 Re7 55. Kd4 f6 56. g4 Ka7 57. Rb3 Re5 58. f4 Ra5 59.
Ke4 Ka8 60. Rd3 Kb8 61. Rd5 Ra4+ 62. Kf5 Kc7 63. Rd1 Kc6 64. Rf1 Kd6 65. Kg6
Ra7 66. Rd1+ Ke6 67. Re1+ Kd6 68. f5 Rb7 69. Re8 Ra7 70. Rg8 Ra4 71. Rxg7 Rxg4+
72. Kxf6 Rh4 73. Kg6 Rh1 74. f6 Rf1 75. Re7 Rf2 76. Re1 Kd7 77. f7 1-0

[Event "ChFRA - National"]
[Site "Aix-les-Bains"]
[Date "2007.08.19"]
[Round "7"]
[White "Vaisser, Anatoli"]
[Black "Sokolov, Andrei"]
[Result "1/2-1/2"]
[WhiteElo "2544"]
[BlackElo "2582"]
[PlyCount "42"]
[EventDate "2007.08.??"]
[EventType "tourn"]
[EventRounds "11"]
[EventCountry "FRA"]

1. Nf3 Nf6 2. c4 e6 3. d4 b6 4. g3 Ba6 5. b3 Bb4+ 6. Bd2 Be7 7. Bg2 c6 8. Bc3
d5 9. Nbd2 Nbd7 10. O-O O-O 11. Re1 c5 12. e4 dxe4 13. Nxe4 Bb7 14. Nfg5 Nxe4
15. Nxe4 cxd4 16. Bxd4 Qc7 17. Nc3 Bxg2 18. Kxg2 Qc6+ 19. Qf3 Qxf3+ 20. Kxf3
Rfd8 21. Rad1 Kf8 1/2-1/2

[Event "ChFRA - National"]
[Site "Aix-les-Bains"]
[Date "2007.08.19"]
[Round "7"]
[White "Degraeve, Jean Marc"]
[Black "Dorfman, Josif D"]
[Result "1-0"]
[WhiteElo "2520"]
[BlackElo "2584"]
[PlyCount "45"]
[EventDate "2007.08.??"]
[EventType "tourn"]
[EventRounds "11"]
[EventCountry "FRA"]

1. e4 e5 2. Nf3 Nc6 3. Bc4 Bc5 4. c3 Nf6 5. d3 d6 6. Nbd2 O-O 7. Bb3 a6 8. Nf1
d5 9. exd5 Nxd5 10. Ng3 Nf6 11. O-O h6 12. Be3 Bxe3 13. fxe3 Re8 14. Nh4 Be6
15. Nhf5 Bxb3 16. Qxb3 Re6 17. Qxb7 Ra7 18. Qb3 Qxd3 19. Rad1 Qb5 20. Qc2 Rb7
21. Ne4 Ne8 22. Qf2 Kh7 23. Nxh6 1-0

[Event "ChFRA - National"]
[Site "Aix-les-Bains"]
[Date "2007.08.19"]
[Round "7"]
[White "Fressinet, Laurent"]
[Black "Fontaine, Robert"]
[Result "1/2-1/2"]
[WhiteElo "2646"]
[BlackElo "2567"]
[PlyCount "69"]
[EventDate "2007.08.??"]
[EventType "tourn"]
[EventRounds "11"]
[EventCountry "FRA"]

1. e4 c6 2. d4 d5 3. e5 Bf5 4. Nf3 e6 5. Be2 Bb4+ 6. Nbd2 Nd7 7. O-O Ba5 8. c3
Bc7 9. Ne1 Ne7 10. Bd3 c5 11. Ndf3 cxd4 12. cxd4 Bb6 13. b3 Nb8 14. Ba3 Nbc6
15. Rc1 Rc8 16. h3 Bxd3 17. Nxd3 Ng6 18. g3 Nce7 19. h4 Rxc1 20. Qxc1 h5 21.
Nc5 Bxc5 22. Qxc5 Qb6 23. Qc3 f6 24. Rc1 Kf7 25. Bc5 Qc6 26. Qd2 Rc8 27. Ba3
Qe8 28. Bxe7 Nxe7 29. Rxc8 Nxc8 30. Qf4 Ke7 31. g4 hxg4 32. Qxg4 Qf7 33. h5 f5
34. Qh4+ Kd7 35. Ng5 1/2-1/2